Microbial Genomics and Drug Discovery. Chapter 9 : (Record no. 1272)

MARC details
000 -LEADER
fixed length control field 01285naa a22003497u 4500
001 - CONTROL NUMBER
control field 03947
003 - CONTROL NUMBER IDENTIFIER
control field HDC
007 - PHYSICAL DESCRIPTION FIXED FIELD--GENERAL INFORMATION
fixed length control field cr bn ---aaaaa
008 - FIXED-LENGTH DATA ELEMENTS--GENERAL INFORMATION
fixed length control field 210113t2003 nyu 000 0 eng
020 ## - INTERNATIONAL STANDARD BOOK NUMBER
International Standard Book Number 0824740416 (alk. paper)
040 ## - CATALOGING SOURCE
Original cataloging agency HDC
100 ## - MAIN ENTRY--PERSONAL NAME
Personal name Bochner, Barry R.,
Relator term author
9 (RLIN) 3899
245 #0 - TITLE STATEMENT
Title Microbial Genomics and Drug Discovery. Chapter 9 :
Remainder of title Phenotype MicroArrays: Their Use in Antibiotic Discovery /
Statement of responsibility, etc. by Barry R. Bochner ; edited by Thomas J. Dougherty and Steven J. Projan
260 ## - PUBLICATION, DISTRIBUTION, ETC.
Place of publication, distribution, etc. New York :
Name of publisher, distributor, etc. Marcel Dekker,
Date of publication, distribution, etc. 2003
300 ## - PHYSICAL DESCRIPTION
Extent 12 pages
336 ## - CONTENT TYPE
Content type term text
Source rdacontent
337 ## - MEDIA TYPE
Media type term computer
Source rdamedia
338 ## - CARRIER TYPE
Carrier type term online resource
Source rdacarrier
500 ## - GENERAL NOTE
General note Original from book
650 ## - SUBJECT ADDED ENTRY--TOPICAL TERM
Topical term or geographic name entry element Antibiotics
9 (RLIN) 904
650 ## - SUBJECT ADDED ENTRY--TOPICAL TERM
Topical term or geographic name entry element Drug development
9 (RLIN) 3859
650 ## - SUBJECT ADDED ENTRY--TOPICAL TERM
Topical term or geographic name entry element Gene mapping
9 (RLIN) 3856
650 ## - SUBJECT ADDED ENTRY--TOPICAL TERM
Topical term or geographic name entry element Genomics
9 (RLIN) 3857
650 ## - SUBJECT ADDED ENTRY--TOPICAL TERM
Topical term or geographic name entry element Microbial genetics
9 (RLIN) 3855
650 ## - SUBJECT ADDED ENTRY--TOPICAL TERM
Topical term or geographic name entry element Pharmacogenomics
9 (RLIN) 3858
700 ## - ADDED ENTRY--PERSONAL NAME
Personal name Dougherty, Thomas J.,
Fuller form of name (Thomas John),
Dates associated with a name 1950-
Relator term editor
9 (RLIN) 3860
700 ## - ADDED ENTRY--PERSONAL NAME
Personal name Projan, Steve J.,
Relator term editor
9 (RLIN) 3861
856 ## - ELECTRONIC LOCATION AND ACCESS
Public note Request full-text at [email protected]
942 ## - ADDED ENTRY ELEMENTS (KOHA)
Source of classification or shelving scheme Library of Congress Classification
942 ## - ADDED ENTRY ELEMENTS (KOHA)
Koha item type Chapter in Books
942 ## - ADDED ENTRY ELEMENTS (KOHA)
Call number prefix EBCH 002632
Holdings
Withdrawn status Lost status Source of classification or shelving scheme Damaged status Not for loan Home library Current library Shelving location Date acquired Total checkouts Full call number Date last seen Price effective from Koha item type
    Library of Congress Classification     Halal Development Corporation Library Halal Development Corporation Library Open Shelves 24/05/2023   EBCH 002632 24/05/2023 24/05/2023 Chapter in Books
Halal Development Corporation Berhad (HDC)
5.02 Level 5, KPMG Tower, First Avenue, Persiaran Bandar Utama, 47800 Petaling Jaya, Selangor Darul Ehsan
Phone: +603 7965 5489 Email: [email protected]